Normal view MARC view
  • Video microscopy

Entry Topical Term

Number of records used in: 1

001 - CONTROL NUMBER

  • control field: 39598

003 - CONTROL NUMBER IDENTIFIER

  • control field: OSt

005 - DATE AND TIME OF LATEST TRANSACTION

  • control field: 20160320124024.0

008 - FIXED-LENGTH DATA ELEMENTS

  • fixed length control field: 160320|| aca||babn | a|a d

040 ## - CATALOGING SOURCE

  • Original cataloging agency: OSt

150 ## - HEADING--TOPICAL TERM

  • Topical term or geographic name as entry element: Video microscopy

550 ## - SEE ALSO FROM TRACING--TOPICAL TERM

  • Topical term or geographic name entry element: Closed-circuit television

550 ## - SEE ALSO FROM TRACING--TOPICAL TERM

  • Topical term or geographic name entry element: Microscopy